Street design (Record no. 117503)
[ view plain ]
| 000 -LEADER | |
|---|---|
| fixed length control field | 01003cam a2200241 4500 |
| 001 - CONTROL NUMBER | |
| control field | ABS67953 |
| 008 - FIXED-LENGTH DATA ELEMENTS--GENERAL INFORMATION | |
| fixed length control field | 040611n2004 000 0 eng u |
| 035 ## - SYSTEM CONTROL NUMBER | |
| System control number | (Sirsi) u126462 |
| 100 ## - MAIN ENTRY--PERSONAL NAME | |
| Personal name | Hamilton-Baillie, B. |
| 245 ## - TITLE STATEMENT | |
| Title | Street design |
| 260 ## - PUBLICATION, DISTRIBUTION, ETC. | |
| Date of publication, distribution, etc. | 2004 |
| 490 ## - SERIES STATEMENT | |
| Series statement | Green Places |
| Volume/sequential designation | (06) June 2004, 20-26(6) |
| 520 ## - SUMMARY, ETC. | |
| Summary, etc. | Two articles examining changing street design to integrate pedestrians and traffic in towns and cities. "A street revolution" discusses the move away from segregation for motor traffic and foot traffic and the increase in regeneration schemes having a more open and integrated approach. "Planning for pedestrians" looks at two schemes in central London that illustrate good and bad practice in designing streets with pedestrians in mind. |
| 590 ## - LOCAL NOTE (RLIN) | |
| Local note | ABS |
| 590 ## - LOCAL NOTE (RLIN) | |
| Local note | ABS |
| 650 ## - SUBJECT ADDED ENTRY--TOPICAL TERM | |
| Topical term or geographic name entry element | URBAN DESIGN |
| 650 ## - SUBJECT ADDED ENTRY--TOPICAL TERM | |
| Topical term or geographic name entry element | PEDESTRIANS |
| 650 ## - SUBJECT ADDED ENTRY--TOPICAL TERM | |
| Topical term or geographic name entry element | MOTOR VEHICLES |
| 650 ## - SUBJECT ADDED ENTRY--TOPICAL TERM | |
| Topical term or geographic name entry element | URBAN REGENERATION |
| 690 ## - LOCAL SUBJECT ADDED ENTRY--TOPICAL TERM (OCLC, RLIN) | |
| Topical term or geographic name as entry element | PLANNING-PRACTICE |
| 700 ## - ADDED ENTRY--PERSONAL NAME | |
| Personal name | Duxbury, E. |
| 942 ## - ADDED ENTRY ELEMENTS (KOHA) | |
| Suppress in OPAC | 0 |
| Withdrawn status | Lost status | Source of classification or shelving scheme | Damaged status | Not for loan | Home library | Current library | Shelving location | Date acquired | Total Checkouts | Full call number | Barcode | Date last seen | Copy number | Price effective from | Koha item type |
|---|---|---|---|---|---|---|---|---|---|---|---|---|---|---|---|
| Dewey Decimal Classification | London | London | Journal article | 11/06/2004 | ABS67953 | 126462-1001 | 06/08/2019 | 1 | 06/08/2019 | Journal article |